Datum a čas kvízu
41.5
Celkem bodů
Celkový počet nahraných bodů na tomto kvízu bez doplňovacích otázek.
1.
Pořadí na kvízu
Konečné umístění týmu na tomto kvízu.
Zaznamenané odpovědi
| # | Otázka | Odpověď | Body | Výsledky |
|---|---|---|---|---|
| 1. | Jedenáct klavírů a pian českéh... | Karel Komárek | 1 | |
| 2. | Rusko začalo distribuovat prvn... | Sputnik | 1 | |
| 3. | Minulý týden byla v pražské ga... | David Černý | 1 | |
| 4. | Americký technologický gigant... | Intel | 0 | |
| 5. | Bývalá úspěšná biatlonistka a... | badminton | 1 | |
| 6. | Za celou historii udělování No... | Marie Curie-Skłodowská | 1 | |
| 7. | Pouze dvěma Čechům v historii... | Jaroslav Heyrovský, Jaroslav Seifert | 1 | |
| 8. | Dva laureáti Nobelovy ceny za... | Boris Pasternak, Jean-Paul Sartre | 0.5 | |
| 9. | Přiřaďte laureáty Nobelových c... | 1C 2B 3A 4D | 1 | |
| 10. | Vyberte nepravdivé tvrzení o p... | C | 1 |